Science Quiz

Random Science or Animal Quiz
Score 0/25 Timer 07:00
11 Plays Today
% Correct
Agassiz's desert tortoise
93.5%
Indian cobra
91.5%
Chinese white dolphin
83.3%
Great Plains toad
82.8%
Rufous hummingbird
82.6%
European medicinal leech
81%
Golden-crowned sifaka
77.5%
Tufted puffin
76.7%
Pig-nosed turtle
75.7%
Galapagos land iguana
74.3%
Red panda
72.7%
Red-eyed tree frog
71.2%
African wild ass
64.4%
% Correct
Melon sea urchin
63.3%
Spotted salamander
60.6%
Ladder-backed woodpecker
57.6%
Leopard gecko
57.5%
Variable neon slug
52.7%
Longcomb sawfish
48.6%
Acorn barnacles
43.8%
Scarlet ibis
38.6%
Northern pike
34.1%
Sea lamprey
33.7%
Venus flytrap sea anemone
26.4%
Blue sea squirt or bluebell tunicate
10.4%
Remove Ads.
Support Sporcle.
Get the best of Sporcle when you Go Orange. This ad-free experience offers more features, more stats, and more fun while also helping to support Sporcle. Thank you for becoming a member.

You're not logged in!

Compare scores with friends on all Sporcle quizzes.
OR
Log In

Show Comments

Extras

Top Quizzes Today


Score Distribution

Your Account Isn't Verified!

In order to create a playlist on Sporcle, you need to verify the email address you used during registration. Go to your Sporcle Settings to finish the process.

Report this User

Report this user for behavior that violates our Community Guidelines.

Details: